| 000 | 00434nam a2200169Ia 4500 | ||
|---|---|---|---|
| 003 | GCL | ||
| 008 | 140319s9999 xx 000 0 eng d | ||
| 040 |
_aGCL / _cGCL |
||
| 082 | 0 | 4 |
_a822 _bL L |
| 100 | 1 | _aLOVERIDGE, MARK | |
| 245 | 1 | 0 |
_aLAURENCE STERNE AND THE ARGUMENT ABOUT DESIGNS / _cLOVERIDGE, MARK |
| 260 |
_a[S.N] : _bMACMILLAN ، _c1985 |
||
| 300 | _a247 P | ||
| 650 | 0 | 4 | _aLITERATURE |
| 650 | 0 | 4 | _aNOVELS |
| 942 |
_2ddc _cBK |
||
| 999 |
_c24720 _d24720 |
||